00399nam a22001217a 4500003001100000005001700011008004100028020001800069040003900087041000800126245006900134260007400203LK-CoMWRAF20240205210700.0240205b |||||||| |||| 00| 0 eng d a9789550249138 aLK-CoMWRAFdLK-CoMWRAFeLK-CoMWRAF aeng aSri Lanka Law Directory on protection of women and girl children aNugegoda :bMinistry of child development and women's affairs, c2012